Qui sont ces médaillés en ski de fond aux Jeux Olympiques 2026 ? - Statistiques

Statistiques générales
  • Ce quiz a été pris 37 fois
  • Le résultat moyen est 9 sur 16
Statistiques - réponses
Par images Hint Réponse % Correct
Norvège Johannes Høsflot Klaebo
97%
France Mathis Desloges
88%
Suède Frida Karlsson
70%
Suède Ebba Andersson
67%
États Unis Jessie Diggins
58%
Italie Federico Pellegrino
55%
Norvège Martin Løwstrøm Nyenget
55%
États Unis Ben Ogden
52%
Norvège Emil Iversen
52%
États Unis Gus Schumacher
52%
Norvège Heidi Weng
48%
Finlande Kerttu Niskanen
48%
Suède Jonna Sundling
45%
Suède Linn Svahn
42%
Norvège Einar Hedegart
39%
Suède Maja Dahlqvist
39%
Aucun quiz correspondant
Distribution des résultats
% des personnes avec chaque résultat
Percentile par nombre de réponses
Votre historique - résultats
Vous n’avez pas pris ce quiz